All U.S. Senators but it's 2025 - Statistics

General Stats
  • This quiz has been taken 37 times
    36 since last reset
  • The average score is 61 of 100
Answer Stats
State Year Joined Senator % Correct
VT 2007 Bernard Sanders
85%
IA 1981 Charles Grassley
85%
NY 1999 Charles Schumer
85%
FL 2018 Richard Scott
85%
ME 1997 Susan Collins
85%
SC 2013 Timothy Scott
85%
AK 2002 Lisa Murkowski
81%
WA 1993 Patricia Murray
81%
MS 2018 Cindy Hyde-Smith
78%
NJ 2013 Cory Booker
78%
TX 2003 John Cornyn
78%
WV 2011 Joseph Manchin
78%
NY 2009 Kirsten Gillibrand
78%
SC 2003 Lindsey Graham
78%
HI 2013 Mazie Hirono
78%
IL 1997 Richard Durbin
78%
OR 1996 Ronald Wyden
78%
ME 2013 Angus King
74%
TX 2013 Edward Cruz
74%
LA 2017 John Kennedy
74%
ID 1999 Michael Crapo
74%
UT 2011 Michael Lee
74%
WI 2011 Ronald Johnson
74%
RI 2007 Sheldon Whitehouse
74%
AR 2015 Thomas Cotton
74%
MA 2013 Elizabeth Warren
70%
OH 2023 James Vance
70%
SD 2005 John Thune
70%
FL 2011 Marco Rubio
70%
VA 2009 Mark Warner
70%
KY 2011 Randal Paul
70%
GA 2021 Raphael Warnock
70%
CT 2011 Richard Blumenthal
70%
NJ 2006 Robert Menendez
70%
IL 2017 Tammy Duckworth
70%
MN 2007 Amy Klobuchar
67%
HI 2012 Brian Schatz
67%
CT 2013 Christopher Murphy
67%
AK 2015 Daniel Sullivan
67%
NH 2009 Jeanne Shaheen
67%
OR 2009 Jeffrey Merkley
67%
AR 2011 John Boozman
67%
GA 2021 Jonathan Ossoff
67%
MO 2019 Joshua Hawley
67%
AZ 2019 Kyrsten Sinema
67%
TN 2019 Marsha Blackburn
67%
PA 2007 Robert Casey
67%
WI 2013 Tammy Baldwin
67%
VA 2013 Timothy Kaine
67%
CA 2021 Alejandro Padilla
63%
NM 2021 Ben Ray Luján
63%
MN 2018 Christine Smith
63%
DE 2011 Christopher Coons
63%
MA 2013 Edward Markey
63%
PA 2023 John Fetterman
63%
RI 1997 John Reed
63%
MT 2007 Jon Tester
63%
NM 2013 Martin Heinrich
63%
CO 2009 Michael Bennett
63%
VT 2023 Peter Welch
63%
MS 2007 Roger Wicker
63%
WV 2015 Shelley Capito
63%
LA 2015 William Cassidy
63%
ID 2009 James Risch
59%
WY 2007 John Barrasso
59%
ND 2011 John Hoeven
59%
IA 2015 Joni Ernst
59%
AZ 2020 Mark Kelly
59%
OK 2023 Markwayne Mullin
59%
MT 2015 Steven Daines
59%
AL 2021 Thomas Tuberville
59%
NV 2017 Catherine Cortez Masto
56%
MD 2017 Christopher Van Hollen
56%
NE 2013 Debra Fischer
56%
CO 2021 John Hickenlooper
56%
NH 2017 Margaret Hassan
56%
KS 2021 Roger Marshall
56%
NC 2023 Theodore Budd
56%
WY 2021 Cynthia Lummis
52%
MI 2015 Gary Peters
52%
KS 2011 Gerald Moran
52%
AL 2023 Katie Britt
52%
NC 2015 Thom Tillis
52%
IN 2017 Todd Young
52%
MO 2023 Eric Schmitt
48%
ND 2019 Kevin Cramer
48%
SD 2015 Michael Rounds
48%
OK 2015 James Lankford
44%
NE 2023 Peter Ricketts
44%
TN 2021 William Hagerty
44%
UT 2025 Evan McMullin
37%
CA 2025 Katherine Porter
37%
IN 2025 James Banks
30%
DE 2025 Lisa Rochester
30%
NV 2025 Adam Laxalt
26%
MD 2025 David Trone
19%
KY 2024 James Comer
4%
OH 2025 James Jordan
4%
WA 2025 Marie Pérez
4%
MI 2025 William Huizenga
4%
No matching quizzes found
Score Distribution
Percent of People with Each Score
Percentile by Number Answered
Your Score History
You have not taken this quiz since the last reset